China competing in the global economy

Gespeichert in:
Bibliographische Detailangaben
Weitere Verfasser: Tseng, Wanda, Rodlauer, Markus
Format: Buch
Sprache:Englisch
Veröffentlicht: Washington IMF 2003
Schlagworte:
Tags: Tag hinzufügen
Keine Tags, Fügen Sie das erste Tag hinzu!

MARC

LEADER 00000nam$a2200000$$$4500
001 0003181
005 20240104133153.8
020 |a 1-58906-178-0 
041 0 |a eng 
044 |a US 
245 1 0 |a China  |b competing in the global economy  |c Edited by Wanda Tseng and Markus Rodlauer 
264 1 |a Washington  |b IMF  |c 2003 
300 |a 222 s. 
610 2 0 |a politika hospodárska 
610 2 0 |a Čína 
610 2 0 |a situácia hospodárska 
610 2 0 |a súťaž hospodárska 
610 2 0 |a investície priame zahraničné 
610 2 0 |a reformy 
610 2 0 |a politika devízová 
700 1 |a Tseng, Wanda 
700 1 |a Rodlauer, Markus